| 000 | 00989nam a2200205Ia 4500 | ||
|---|---|---|---|
| 999 |
_c39242 _d39242 |
||
| 001 | 5828 | ||
| 003 | GE_BSU | ||
| 005 | 20190628204315.0 | ||
| 008 | 181216s1962|||| |||||||||||||| ||geo|| | ||
| 041 | _ageo | ||
| 080 | _a621.8(075.5) ს-29 | ||
| 100 |
_aსარიშვილი, შ. _93111 |
||
| 245 |
_aლაბორატორიული პრაქტიკუმი მანქანათა ნაწილები / _cშ. სარიშვილი ; ლ. კელენჯერიძე ; რედ : ო.ეზიკაშვილი. |
||
| 264 |
_aთბილისი : _bსპი, _c1962. |
||
| 300 |
_a68 გვ.: _bნახაზ. _c20 სმ. |
||
| 653 | _aლაბორატორიული პრაქტიკუმი მანქანათა ნაწილები | ||
| 700 |
_aკელენჯერიძე, ლ _93112 |
||
| 700 |
_aეზიკაშვილი,ო _eრედაქტორი _93080 |
||
| 942 |
_cBK _2udc |
||